[Event "ICS rated blitz match"]
[Site "204.178.125.65"]
[Date "1999.08.11"]
[Round "?"]
[White "Hossa"]
[Black "talqualtal"]
[Result "1-0"]
[WhiteElo "2394"]
[BlackElo "2180"]
[Annotator "Fritz 5.32 (19s)"]
[PlyCount "67"]
[EventDate "1999.??.??"]

1. d4 1... Nf6 {Opening = A56 - 2.c4 c5 (3.d5 e5)} 2. c4 c5 3. d5 e5 4. Nc3 d6
5. e4 Be7 6. Bd3 Nbd7 (6... O-O 7. Nge2 Na6 8. a3 Nc7 9. O-O Rb8 10. Ng3 Nfe8
11. f4 exf4 12. Bxf4 Bf6 13. Nh5 Bd4+ 14. Kh1 g6 15. Ng3 a6 16. Qd2 b5 17. Bh6
Ng7 18. Bg5 f6 19. Bf4 Qe7 20. Nge2 Be5 21. Rae1 {
Safarian,A-Wright,I/Suncoast AUS 1999/ - (51)}) 7. Nge2 Nf8 (7... h5 8. h4 a6
9. a3 Nf8 10. f3 N6d7 11. g3 g5 12. hxg5 Bxg5 13. Bxg5 Qxg5 14. Qd2 Qf6 15. Qe3
h4 16. O-O-O Ng6 17. f4 hxg3 18. Rxh8+ Qxh8 19. f5 Nf4 20. Nxf4 exf4 21. Qxf4
Ne5 22. Qxg3 {Skembris,S-Miladinovic,I/It., Karditsa GRE (5) 1996/ - (47)}) 8.
O-O $146 (8. Ng3 g6 (8... Ng6 9. Nf5 Bxf5 10. exf5 Nf4 11. Bf1 g6 12. g3 N4h5
13. g4 Nf4 14. Bxf4 exf4 15. g5 Nh5 16. f6 Nxf6 17. gxf6 Bxf6 18. Qa4+ Kf8 19.
O-O-O Bxc3 20. bxc3 Qf6 21. Qc2 Kg7 22. h4 h5 23. Bd3 a6 24. Rde1 b5 25. Rhg1
Rhe8 26. Rxe8 Rxe8 27. cxb5 c4 28. Be2 f3 29. Bd1 axb5 30. Qd2 Re4 31. Rg3 Rxh4
32. Rxf3 Qe5 33. a3 Re4 34. Re3 Rxe3 35. fxe3 h4 36. Bg4 f5 37. Bh3 Qg3 38.
Qd4+ Kh7 39. Bxf5 gxf5 40. Qf6 Qxe3+ 41. Kb2 Qd2+ 42. Kb1 Qd3+ 43. Kb2 Qd2+ 44.
Kb1 Qxd5 45. Qxh4+ Kg8 46. Qg3+ Kf7 47. Qg5 Qd1+ 48. Kb2 Qb3+ 49. Kc1 49...
Qxc3+ {0-1 Myers,J-Pizzato,C/Queensland Ch, Brisbane (5) 1995 (49)}) 9. f3 h5
10. Be3 h4 11. Nge2 Nh5 12. Qd2 Nh7 13. g3 Ng5 14. Rf1 Bh3 15. Rf2 Bd7 16.
O-O-O Nh3 17. Rff1 a6 18. a3 Rb8 19. b4 b6 20. Kc2 O-O 21. Rb1 Qc7 22. f4 Bf6
23. f5 Kh7 24. Nc1 gxf5 25. exf5 Rg8 26. Qe2 Nxg3 27. hxg3 Rxg3 28. Ne4 Ba4+
29. Kd2 {1-0 Leitao,R-Pelikian,J/op, Sao Paulo BRA (6) 1995 (29)}) 8... h5 $14
(8... Ng6 9. Qb3 $11) 9. f4 Ng6 10. f5 {Weiss engt den Gegner ein} 10... Nf8
11. Rf3 h4 12. Nb5 Ng4 13. h3 Nf6 14. Qb3 Nh5 15. Qa3 15... Rh6 $2 $18 (15...
a6 $14 $142 {sieht noch spielbar aus}) 16. Bxh6 gxh6 17. b3 (17. Nxa7 $6 17...
Bd7 $16) 17... Nh7 18. Rb1 (18. Nxa7 $6 18... Bd7 $11) 18... Bg5 (18... Ng5 19.
Rff1 $18) 19. Qa4 (19. Nxa7 $6 19... Bd7 $14) 19... Kf8 20. Rd1 (20. b4 a6 21.
Nbc3 21... Bd2 $18) 20... Nf4 (20... Bf4 21. Bc2 $18 (21. Nxa7 $143 21... Bd7
22. Qa3 22... Qb6 $11)) 21. Nxf4 $16 (21. b4 $5 21... a6 22. Nbc3 22... Qb6 $18
) 21... Bxf4 22. Re1 $11 (22. Qa3 $16 $142) 22... Ng5 23. Rf2 23... Bd7 $14 (
23... Bg3 24. Ref1 (24. Nxa7 $2 {uebersieht} 24... Bd7 25. Qa3 Bxf2+ 26. Kxf2
26... Qb8 $19) 24... Bxf2+ 25. Rxf2 $15) 24. Qa3 24... Ke7 $2 $18 (24... Bxb5
$142 {und Schwarz kann noch kaempfen} 25. cxb5 25... Bg3 $14) 25. f6+ (25. Nxa7
{ist minderwertig} 25... Bg3 $19) 25... Kxf6 26. Nxd6 Qg8 (26... b6 27. Rxf4+
exf4 28. Qb2+ Kg6 29. e5+ Kh5 30. e6 Bxe6 31. Rxe6 (31. dxe6 $143 31... Qxd6
32. Re3 f5 (32... fxe6 $4 {der kann natuerlich nicht genommen werden} 33. Qg7
Qxd3 34. Rxd3 $18) 33. Bxf5 Qd1+ 34. Kh2 fxe3 35. Bg4+ Qxg4 36. hxg4+ Kxg4 37.
e7 Re8 38. Qf6 e2 39. Qe5 h3 40. Qxe2+ Kf5 41. gxh3 Kf6 42. h4 Nf7 43. Qf3+
Kxe7 44. Qb7+ Kf6 45. Qxa7 Re6 46. Kg3 Rd6 47. Qc7 h5 48. Kf4 Rd4+ 49. Ke3 Rd6
50. a3 Re6+ 51. Kf4 Kg6 52. Qd7 Rf6+ 53. Ke4 Nd6+ 54. Ke5 Nf7+ 55. Kd5 Rf3 56.
Qe6+ Rf6 57. Qe7 Kg7 58. b4 cxb4 59. axb4 Rf5+ 60. Kc6 Re5 61. Qd7 Re4 62. Kxb6
Rxh4 63. Kc5 Rg4 64. Qe6 Rg5+ 65. Kd4 Rg4+ 66. Kd5 Rg5+ 67. Ke4 Rg4+ 68. Ke3
Ng5 69. Qc6 Nf7 70. b5 Ne5 71. Qb7+ Kf6 72. c5 Nc4+ 73. Kf2 Rg5 74. Qc6+ Ke5
75. b6 Rf5+ 76. Ke2 Kd4 77. b7 Re5+ 78. Kf2 Rf5+ 79. Kg3 Rg5+ 80. Kh4 Rg8 81.
Qc8 Na5 82. Qxg8 Nxb7 83. Qg7+ Kxc5 84. Qxb7 Kd6 85. Kxh5 Ke5 86. Kg5 Kd4 87.
Qb4+ Ke3 88. Kg4 Kd3 89. Kf3 Kc2 90. Ke3 Kc1 91. Kd3 Kd1 92. Qd2#) 31... Nf3+
32. Kh1 Qg8 33. Re5+ f5 34. Rxf5+ Ng5 35. Qe2+ f3 36. Qxf3+ Kg6 37. Rf7+ Ne4
38. Qf5#) 27. Kh1 $1 {zwingend und schoen} (27. Qxc5 {
ist naheliegend und schlecht} 27... Nxh3+ 28. Kf1 b6 29. Ne8+ Qxe8 30. Qd6+ Kg7
31. gxh3 Bxh3+ 32. Kg1 32... Rd8 $11) (27. Nxb7 Nxh3+ 28. Kf1 Nxf2 29. Nxc5 Qg3
30. Nxd7+ 30... Kg7 $19) 27... Nxh3 {Es droht Matt} 28. gxh3 $11 (28. Rf3 $5
$142 28... Bg4 29. Rff1 $16 (29. Rxh3 Bxh3 30. Ne8+ 30... Rxe8 $19 (30... Qxe8
$6 31. gxh3 Qc8 32. Bf1 $19))) 28... Qg3 {Droht Matt} 29. Rxf4+ exf4 30. Qb2+
Ke7 31. Qe5+ 31... Be6 $4 $18 (31... Kf8 $142 {geht wohl noch} 32. Bf1 Qxe1 33.
Qxf4 33... Kg8 $11) 32. Nf5+ (32. dxe6 $4 {waere ein schrecklicher Fehler}
32... Qxh3+ $1 {kraeftig gespielt} 33. Kg1 Rg8+ 34. Qg5+ Rxg5+ 35. Kf2 Qg2#)
32... Kd7 33. Qd6+ Kc8 34. Ne7# 1-0

[Event "ICS rated blitz match"]
[Site "204.178.125.65"]
[Date "1999.08.11"]
[Round "?"]
[White "Hossa"]
[Black "Themaster69"]
[Result "1-0"]
[WhiteElo "2414"]
[BlackElo "2593"]
[Annotator "Fritz 5.32 (19s)"]
[PlyCount "23"]
[EventDate "1999.??.??"]

1. d4 1... d5 {Opening = D20 - 3.---} 2. c4 dxc4 3. e4 e5 4. Nf3 exd4 5. Nxd4 (
5. Bxc4 Nc6 6. O-O Be6 7. Bb5 Bc5 8. Qc2 (8. Nbd2 Nge7 9. Ng5 Qd7 10. Nxe6 Qxe6
11. Nb3 Qd6 12. Bf4 Qxf4 13. Nxc5 O-O 14. Rc1 b6 15. Nd3 Qxe4 16. Re1 Qd5 17.
Qa4 Qf5 18. Rxc6 Nxc6 19. Bxc6 Rad8 20. Qb5 Qf6 21. b4 Rd6 22. Rc1 Qe6 23. Qc4
a5 24. b5 Rfd8 25. Qxe6 Rxe6 26. Kf1 g6 27. Bf3 Re7 28. Be2 Kg7 29. Ke1 Rd5 30.
a4 Rd6 31. Kd2 h6 32. Bf3 g5 33. Bh5 f5 34. g3 Kf6 35. Bf3 Rg7 36. Bd1 Re7 37.
Rc4 Rg7 38. f4 Re7 39. Bf3 Rg7 40. Rc1 Re7 41. Bd1 Rh7 42. Be2 42... Rg7 {
Dreev,A-Svetushkin,D/Linares ESP 1999/1-0 (64)}) 8... Bb6 9. a4 a5 10. Bxc6+
bxc6 11. Qxc6+ Bd7 12. Qc2 Ne7 13. Na3 O-O 14. Nc4 Nc6 15. Rd1 Nb4 16. Qb3 c5
17. Bd2 Bc7 18. Bxb4 Rb8 19. Qc2 19... Rxb4 {
Van Wely,L-Anand,V/6th Amber Blind, Monaco 1997/0-1 (44)}) 5... Bb4+ 6. Nc3
6... Qh4 $146 (6... Ne7 7. Bxc4 (7. Bf4 Ng6 8. Bg3 Qe7 9. Bxc4 Qxe4+ 10. Kf1
Bxc3 11. bxc3 O-O 12. Qe1 Qxe1+ 13. Rxe1 Bd7 14. h4 Nc6 15. Nxc6 Bxc6 16. h5
Nh8 17. Rh4 Rfe8 18. Rxe8+ Bxe8 19. Re4 Rc8 20. Bd5 Bb5+ 21. c4 Ba6 22. Bxc7 h6
23. Re7 Kh7 24. Ke2 g6 25. hxg6+ Kxg6 26. Kd3 Kf6 27. Rd7 b5 28. c5 b4+ 29. Kd4
Bb5 30. c6 a5 31. Bxa5 {1-0 Epishin,V-Godena,M/It, Reggio Emilia (6) 1996 (31)}
) 7... O-O 8. O-O (8. Bf4 Ng6 9. Bg3 Nd7 10. O-O Nde5 11. Be2 Bxc3 12. bxc3 Qe7
13. Qb3 Nd7 14. f3 Nc5 15. Qa3 b6 16. Nb3 Ne6 17. Qxe7 Nxe7 18. Rfd1 g5 19. Nd4
Nf4 20. Bc4 c5 21. Bxf4 gxf4 22. Ne2 22... Ng6 {
Nikolic,P-Huebner,R/It, Polanica Zdroj POL (7) 1996/ - (45)}) 8... Nbc6 9. Be3
Nxd4 10. Bxd4 Nc6 11. Be3 Bxc3 12. bxc3 Qe7 13. Qa4 Ne5 14. Be2 b6 15. Rfd1 Bd7
16. Qc2 Rad8 17. a4 Be6 18. c4 Ng4 19. Bf4 Qc5 20. Bf1 g5 21. Bg3 {
Van Wely,L-Huebner,R/Hoogovens, Wijk aan Zee NED (5) 1996/ - (40)}) 7. Qa4+ Nc6
8. Be3 Qxe4 9. Ndb5 9... Qxg2 $4 $18 {laesst den Gewinn aus} (9... Qe5 10.
O-O-O Bxc3 11. bxc3 11... Bg4 $11) 10. Bxg2 a5 (10... Bxc3+ 11. bxc3 Kd8 12.
Bxc6 bxc6 13. Nxc7 Kxc7 14. Qa5+ Kd7 15. O-O-O+ Ke6 16. Rhe1 f6 17. Bh6+ Kf7
18. Qh5+ g6 19. Qe2 Nxh6 20. Qe7+ Kg8 21. Rd8#) 11. Nxc7+ Kd8 12. Nxa8 (12.
Nxa8 Ne5 13. Qb5 Nd3+ 14. Kf1 Bxc3 15. Qxc4 $18) 1-0

[Event "ICS rated blitz match"]
[Site "204.178.125.65"]
[Date "1999.08.11"]
[Round "?"]
[White "Themaster69"]
[Black "Hossa"]
[Result "0-1"]
[WhiteElo "2569"]
[BlackElo "2438"]
[Annotator "Fritz 5.32 (19s)"]
[PlyCount "33"]
[EventDate "1999.??.??"]

1. d4 1... d5 {Opening = D27 5.Bc4 c5 6.0-0 a6 (7.a4)} 2. c4 dxc4 3. Nf3 Nf6 4.
e3 e6 5. Bxc4 c5 6. O-O a6 7. dxc5 Qxd1 8. Rxd1 Bxc5 9. Nbd2 (9. b3 O-O 10. Bb2
Nbd7 11. Nbd2 b5 12. Be2 Bb7 13. a4 bxa4 14. Rxa4 Rfb8 15. Rda1 Nb6 16. R4a2
Nbd5 17. Be5 Rd8 18. Nc4 Nb4 19. Rd2 Bd5 20. Rdd1 h6 21. Nfd2 Ne4 22. Nxe4 Bxe4
23. Rxd8+ 23... Rxd8 {Mirzoev,A-Ashley,M/Open, Cannes FRA 1998/0-1 (73)}) 9...
O-O $146 (9... Nbd7 10. Be2 b6 11. Nc4 Bb7 12. b3 O-O 13. Bb2 Bd5 (13... b5 14.
Na5 Bd5 15. Nd4 Rfc8 16. Rac1 e5 17. Nc2 Bb6 18. Nb4 Rxc1 19. Bxc1 Rc8 20. Bd2
Be6 21. Nbc6 Kh8 22. a4 bxa4 23. bxa4 Nc5 24. Nxe5 Nxa4 25. Nac6 a5 26. Ba6 Ra8
27. Bb5 Nc5 28. Bxa5 Bxa5 29. Nxa5 29... Rxa5 {
0-1 Kramnik,V-Anand,V/6th Amber Blind, Monaco 1997 (29)}) 14. Rac1 Rfc8 15.
Nfe5 b5 16. Nxd7 Nxd7 17. Nd2 Bb4 18. Nb1 Nb6 19. f3 Rxc1 20. Rxc1 Rc8 21.
Rxc8+ Nxc8 22. Ba3 Bxa3 23. Nxa3 b4 24. Nc2 a5 25. Ba6 Nb6 26. e4 Bc6 27. Kf2 {
- Kramnik,V-Lautier,J/6th Amber Rapid, Monaco 1997 (27)}) (9... Nc6 10. b3 O-O
11. Bb2 Rd8 12. Rac1 Be7 13. Be2 Bd7 14. Nc4 Be8 15. Nb6 Rxd1+ 16. Rxd1 Rd8 17.
Rxd8 Bxd8 18. Nc4 Ne4 19. Nfd2 Nxd2 20. Nxd2 Be7 21. a3 f6 22. b4 Kf8 23. Bc4
e5 24. Kf1 Bf7 25. Bxf7 Kxf7 26. e4 Bd8 27. Nb3 Bb6 28. Ke2 h5 29. f3 h4 30. h3
Ke6 31. Bc3 Kd6 32. Kd3 Bf2 33. Nc1 Bd4 34. Ne2 Bxc3 35. Kxc3 Nd8 36. Kc4 Ne6
37. a4 b6 38. Kd3 a5 39. Kc4 axb4 40. Kxb4 Kc6 41. Kc4 Nc5 42. g3 Nxa4 43. gxh4
b5+ 44. Kb4 Nc5 45. Ng3 Nd3+ 46. Kb3 Nf4 47. h5 Kc5 48. h4 Ne6 49. Kb2 Nd4 50.
h6 gxh6 51. Nh5 f5 52. Nf6 52... f4 {
0-1 Gausel,E-Nikolic,P/op, Reykjavik ICE (3) 1996 (52)}) 10. Nd4 $15 (10. Nb3
$5 {ist bedenkenswert} 10... Be7 11. Bd2 $11) 10... e5 {
Schwarz erlangt Initiative} 11. N2f3 $2 $19 (11. N2b3 $142 {
und Weiss spielt mit} 11... Ba7 12. Nf3 $15) 11... exd4 12. Rxd4 $2 (12. exd4
$142 12... Bb6 13. h3 $19) 12... Bxd4 13. exd4 (13. Nxd4 {
hilft allerdings auch nicht} 13... Rd8 $19) 13... Be6 14. Bxa6 (14. b3 $19 {
wuerde die Partie noch etwas verlaengern}) 14... Rxa6 15. Ng5 (15. a3 {
waere gleichermassen fruchtlos} 15... Rc6 $19) 15... Nc6 (15... Bxa2 {
laesst dem Gegner kaum Chancen} 16. Bf4 $19) 16. Nxh7 (16. Nxe6 {
aendert nichts mehr} 16... fxe6 17. Be3 17... Rd8 $19) 16... Nxh7 17. a4 (17.
a3 {macht keinen grossen Unterschied} 17... Nxd4 18. Be3 18... Rd8 $19) 0-1

[Event "ICS rated blitz match"]
[Site "204.178.125.65"]
[Date "1999.08.11"]
[Round "?"]
[White "Hossa"]
[Black "MissSilicon"]
[Result "1/2-1/2"]
[WhiteElo "2460"]
[BlackElo "2627"]
[Annotator "Fritz 5.32 (19s)"]
[PlyCount "123"]
[EventDate "1999.??.??"]

1. d4 1... f5 {Opening = A84 - 2.c4 (Nf6 3.---)} 2. c4 e6 3. e3 (3. Nf3 Nf6 4.
g3 Be7 5. Bg2 d6 6. Nc3 O-O 7. Qc2 Qe8 8. e4 Qh5 9. e5 Ne8 10. Ne2 Nc6 11. Nf4
Qf7 12. h4 Rb8 13. a3 Kh8 14. Be3 g6 15. O-O-O Bd7 16. h5 Kg8 17. hxg6 hxg6 18.
Rh6 Kg7 19. Rdh1 b5 20. Rh7+ Kg8 21. Rh8+ Kg7 22. R1h7# {
1-0 Cherepkov,A-Grishanovich,S/ch-city, St Petersburg RUS 1997 (22)}) 3... Nf6
4. Bd3 4... Nc6 $146 (4... d6 5. Qc2 g6 6. f4 e5 7. Nc3 Bg7 8. Qa4+ c6 9. Nge2
Nbd7 10. O-O e4 11. Bc2 Nb6 12. Qb3 Be6 13. d5 cxd5 14. cxd5 Nfxd5 15. Qa3 Nxc3
16. Nxc3 O-O 17. Rd1 d5 18. Ne2 Qc7 19. Bb3 a5 20. Nd4 Bd7 21. Bd2 Bxd4 22.
Rac1 Qxf4 23. exd4 e3 24. Bxa5 e2 25. Re1 Qxd4+ 26. Kh1 Nc4 27. Bc3 Rxa3 28.
Bxd4 Ra6 29. Rxc4 {
- Liardet,F-Teran Alvarez,I/University tt, Leon ESP (5) 1996 (29)}) (4... d5 5.
Ne2 c6 6. Nbc3 Bd6 7. f3 O-O 8. Qc2 Kh8 9. Bd2 a6 10. c5 Bc7 11. h3 Ne4 12.
fxe4 fxe4 13. Nxe4 dxe4 14. Bxe4 Qh4+ 15. Kd1 Nd7 16. Be1 Qh6 17. Qd3 e5 18.
Bf3 exd4 19. exd4 {Karason,A-Thorsteinsson,T/ch-ISL, Akureyri 1997/0-1 (32)})
5. Ne2 (5. Nf3 5... Nb4 $11) 5... Nb4 6. b3 Nxd3+ 7. Qxd3 Bb4+ 8. Bd2 Be7 9.
O-O 9... b6 {Befestigt a5} 10. a4 Bb7 11. f3 {Verwehrt dem Gegner e4} 11... O-O
12. Nbc3 c5 13. Rac1 d5 14. cxd5 Nxd5 15. Nb5 $17 (15. e4 $5 $142 {
sieht spielbar aus} 15... Nb4 16. Qc4 $11) 15... Ba6 $11 (15... a6 $5 $142 16.
dxc5 16... axb5 $19) 16. e4 Nc7 17. Bf4 fxe4 (17... Nxb5 18. axb5 Bb7 19. b4
fxe4 20. fxe4 cxd4 21. Nxd4 Bxb4 22. Qe3 $17) 18. fxe4 Bxb5 19. axb5 Qd7 20.
Bxc7 Qxc7 21. Rxf8+ Rxf8 22. Qc4 Qd7 23. d5 {Weiss gewinnt Raum} 23... exd5 24.
Qxd5+ Qxd5 25. exd5 Rd8 26. Rd1 Bf6 27. Rd2 Be5 28. h4 Rd7 29. Kf2 Bf6 30. g3
Be5 31. g4 Bf6 32. g5 Be5 33. Ke3 Kf7 34. Nf4 Ke7 35. Ke4 $15 (35. Ne6 $5 $11)
35... Bxf4 36. Kxf4 Kd6 37. g6 $17 (37. h5 $5 $15 {ist zu beachten}) 37... hxg6
38. Kg5 Re7 39. Kxg6 Re3 40. h5 Rg3+ (40... Rxb3 $6 41. Kxg7 Rg3+ 42. Kf6 $11)
41. Kf7 41... Rxb3 $11 (41... Rg5 $5 $17 $142) 42. Kxg7 Rg3+ 43. Kf6 Rh3 44.
Kg6 c4 45. h6 45... c3 {Droht Matt: cxd2} 46. Rd1 Rg3+ 47. Kf6 Rf3+ 48. Kg7
48... c2 $14 (48... Rg3+ 49. Kf7 Rf3+ 50. Kg6 Rg3+ 51. Kf5 $11) 49. Rc1 Rg3+
50. Kf7 Rf3+ 51. Kg6 Rf2 52. h7 Rg2+ 53. Kf6 Rf2+ 54. Kg7 Rg2+ 55. Kf7 Rh2 56.
Kg8 Rg2+ 57. Kf8 Rf2+ 58. Kg7 Rg2+ 59. Kf7 Rh2 60. Kg8 Rg2+ 61. Kf8 Rf2+ 62.
Kg7 1/2-1/2

[Event "ICS rated blitz match"]
[Site "204.178.125.65"]
[Date "1999.08.11"]
[Round "?"]
[White "brutus"]
[Black "Hossa"]
[Result "0-1"]
[WhiteElo "2064"]
[BlackElo "2467"]
[Annotator "Fritz 5.32 (19s)"]
[PlyCount "114"]
[EventDate "1999.??.??"]

1. e4 1... e5 {Opening = C70 - 4.Ba4 ---} 2. Nf3 Nc6 3. Bb5 a6 4. Ba4 Nge7 5.
d4 b5 6. Bb3 exd4 7. Nxd4 Bb7 8. O-O (8. Qh5 Ng6 9. Qd5 9... Qe7 $11) 8... d5
$16 (8... Na5 $5 $11 $142 {sieht noch spielbar aus}) 9. exd5 $14 (9. Nxc6 Bxc6
10. Qf3 10... Qd6 $16 (10... dxe4 $4 {der Bauer ist nicht zu nehmen} 11. Bxf7+
Kd7 12. Qh3+ Kd6 13. Bf4+ Kc5 14. Be3+ Kb4 15. a3+ Ka5 16. b4+ Ka4 17. Nc3#))
9... Nxd4 ({Schwaecher ist} 9... Nxd5 10. Nxb5 Ncb4 11. Re1+ Be7 12. Nd4 $18)
10. Qxd4 Bxd5 11. Bxd5 Qxd5 ({Schlechter ist} 11... Nxd5 12. Re1+ Ne7 13. Qe4
$18) 12. Qxd5 Nxd5 13. Re1+ Be7 14. Nc3 (14. Bd2 14... Kd7 $11) 14... Nxc3 15.
bxc3 O-O-O 16. Be3 Bf6 17. Bd4 Bxd4 18. cxd4 Rxd4 19. Re7 Rhd8 20. g3 R8d7 21.
Re8+ Kb7 22. Rae1 (22. Re2 22... b4 $19) 22... Ra4 23. Ra1 Rd2 24. Re7 Rxc2 25.
Rxf7 g6 (25... b4 $5 {damit wuerde Schwarz es sich noch erleichtern} 26. Rb1 a5
27. Rxg7 $19) 26. Rxh7 (26. a3 26... a5 $19) 26... Re4 $17 (26... Raxa2 $142 {
mit klarem Vorteil fuer Schwarz} 27. Rxa2 27... Rxa2 $19) 27. Rg7 27... Ree2 {
Schwarz haelt das Heft fest in der Hand} 28. Rf7 b4 29. Rb1 a5 (29... Rb2 30.
Kf1 $17) 30. a3 Rb2 31. Rxb2 (31. Rc1 bxa3 32. Rfxc7+ Kb6 33. R7c6+ Kb5 34.
Rxg6 a2 (34... Rxf2 $6 {ist sichtlich schlechter} 35. h4 $17) 35. Rg5+ 35...
Kb4 $19) 31... Rxb2 32. axb4 32... a4 {Der Freibauer a4 greift sofort ein} 33.
Rf4 $2 (33. Kg2 $19 $142) 33... a3 34. b5 (34. Rf3 {
aendert nichts am Ausgang der Partie} 34... a2 35. Ra3 Rb1+ 36. Kg2 a1=Q 37.
Rxa1 37... Rxa1 $19) 34... Rb1+ (34... Rxb5 $6 {ist klar schwaecher} 35. Ra4
Rb3 36. Kf1 $17) 35. Kg2 35... a2 $1 {die Entscheidung} (35... Rxb5 $6 {
ist schnell zu verwerfen} 36. Ra4 Rb3 37. Kf1 $17) 36. Ra4 36... a1=Q {
Droht Matt} 37. Rxa1 Rxa1 38. g4 Rb1 39. h4 Rxb5 40. Kg3 c5 41. f4 (41. h5 {
holt die Kuh nicht vom Eis} 41... gxh5 42. gxh5 42... c4 $19) 41... c4 42. f5
gxf5 (42... c3 $5 {laesst dem Gegner kaum Chancen} 43. f6 c2 44. f7 $19) 43. g5
43... c3 {Es droht Matt} 44. g6 44... Rd5 $19 (44... c2 45. g7 c1=Q 46. g8=Q
Qe3+ 47. Kh2 Qf4+ 48. Qg3 Rb2+ 49. Kh1 Qc1+ 50. Qg1 Qc6+ 51. Qg2 Qxg2#) 45. g7
f4+ 46. Kxf4 Rd4+ (46... c2 $142 {und Schwarz ist direkt am Ziel} 47. Ke4 47...
Rd8 $19) 47. Kg3 (47. Ke3 {ist der letzte Rettungsanker} 47... Rd8 48. g8=Q
Rxg8 49. Kd3 Rg3+ 50. Kc2 $19) 47... Rd8 {Schwarz droht c2} 48. h5 Rg8 49. h6
49... c2 {Mit der Mattdrohung c1Q} 50. Kf2 c1=Q 51. h7 (51. Kf3 {
macht keinen grossen Unterschied} 51... Re8 52. g8=Q Qf1+ 53. Kg3 Rxg8+ 54. Kh4
Qh1#) 51... Qc2+ (51... Qf4+ 52. Ke2 Re8+ 53. Kd3 Re3+ 54. Kd2 Qf2+ 55. Kd1
Re1#) 52. Ke3 Qxh7 (52... Re8+ 53. Kf3 Qf5+ 54. Kg3 Re3+ 55. Kg2 Qf3+ 56. Kg1
Re1+ 57. Kh2 Rh1#) 53. Kd4 (53. Kf2 {aendert nichts mehr} 53... Qe4 54. Kg1
Rxg7+ 55. Kf1 Qc2 56. Ke1 Rg1#) 53... Qh4+ 54. Ke5 (54. Ke3 {
hilft auch nicht mehr} 54... Rxg7 55. Kd2 Rg2+ 56. Ke3 Rg3+ 57. Kd2 Qh2+ 58.
Ke1 Rg1#) 54... Rxg7 55. Ke6 (55. Kd5 {holt die Kuh nicht vom Eis} 55... Rg5+
56. Ke6 Qh6+ 57. Ke7 Rg7+ 58. Kd8 Qh8#) 55... Qf4 56. Kd5 Rg6 57. Kc5 Rg5# 0-1

[Event "ICS rated blitz match"]
[Site "204.178.125.65"]
[Date "1999.08.11"]
[Round "?"]
[White "Hossa"]
[Black "brutus"]
[Result "1/2-1/2"]
[WhiteElo "2470"]
[BlackElo "2061"]
[Annotator "Fritz 5.32 (19s)"]
[PlyCount "95"]
[EventDate "1999.??.??"]

1. d4 1... Nf6 {Opening = D94 - 5.e3 (0-0 6.---)} 2. c4 g6 3. Nc3 d5 4. e3 Bg7
5. Nf3 O-O 6. cxd5 Nxd5 7. e4 $146 (7. Bc4 Nxc3 (7... Nb6 8. Bb3 c5 9. O-O cxd4
10. exd4 Nc6 11. d5 Na5 12. Re1 Nxb3 13. axb3 Re8 14. Ne5 Bf5 15. Bf4 Nc8 16.
Nc4 Nb6 17. Be5 Bxe5 18. Rxe5 Nxc4 19. bxc4 Qc7 20. Qd4 Qb6 21. Ne2 Rac8 22.
Rc1 Qxd4 23. Nxd4 Bd7 24. f3 e6 25. dxe6 Bxe6 26. Nxe6 Rxe6 27. Rxe6 fxe6 28.
Kf2 {- Jelen,I-Finkel,A/2nd op, Nova Gorica SLO 1997 (28)}) 8. bxc3 c5 9. O-O
Qc7 10. Qe2 Nc6 11. Rd1 Bg4 12. Ba3 Qa5 13. Bxc5 b6 14. Bd5 bxc5 15. Bxc6 Rab8
16. h3 Bc8 17. Qc2 Qc7 18. Be4 Bd7 19. Rab1 Qa5 20. Rxb8 Rxb8 21. Rb1 21... Rc8
{Jelen,I-Djuric,S/2nd op, Nova Gorica SLO 1997/ - (42)}) (7. Be2 c5 8. Qb3 Nxc3
9. bxc3 Nc6 10. O-O Qc7 11. Bb2 Bf5 12. Qb5 cxd4 13. cxd4 a6 14. Qc5 Rfc8 15.
Rac1 Qd8 16. Qa3 Bf8 17. Qb3 Be6 18. Qd3 Bxa2 19. e4 Na5 20. d5 Qb6 21. Bd4
21... Qb4 {Weyer,C-Schaffarczyk,A/Bad Zwesten GER 1999/0-1 (47)}) (7. Qb3 Nb6
8. Qd1 c6 9. Be2 a5 10. a4 Na6 11. O-O Nb4 12. Na2 N6d5 13. Bd2 Qb6 14. Qb3
Nxa2 15. Qxb6 Nxb6 16. Rxa2 Be6 17. Raa1 Rfd8 18. Rfc1 Bb3 19. Bd1 Bd5 20. Rc5
Nc4 21. Bc3 b6 22. Rxd5 cxd5 23. b3 Nd6 24. Nd2 Rac8 25. Bb2 e6 26. g4 Rc7 27.
Kg2 Rdc8 28. h4 Bf8 29. f3 Be7 30. Kg3 h5 31. Kh3 hxg4+ 32. fxg4 Kg7 33. e4
dxe4 34. d5+ Bf6 35. Bxf6+ Kxf6 36. dxe6 Kxe6 37. g5 Ke5 38. Bg4 Rc3+ 39. Kg2
39... Rc2 {0-1 Portelli,S-Ivacic,V/2nd op, Nova Gorica SLO 1997 (39)}) 7...
Nxc3 8. bxc3 c5 9. Be3 Nc6 10. Be2 cxd4 11. cxd4 11... b6 $14 {
Steigert den Druck auf den Bauern d4} (11... f5 12. e5 $11) 12. Rc1 Bb7 13. d5
{Weiss erobert Raum} 13... Ne5 14. Nxe5 Bxe5 15. Bh6 15... Re8 $16 (15... Bg7
$5 16. Bxg7 Kxg7 17. Qd4+ 17... f6 $14) 16. Bb5 16... Rf8 $18 (16... Qd6 $5 17.
Bxe8 Qb4+ 18. Kf1 18... Rxe8 $16) 17. Bxf8 Kxf8 18. Bc6 Qb8 19. Bxb7 Qxb7 20.
Qd2 Qa6 21. f4 Bd6 22. e5 $14 (22. Rf1 $5 $16) 22... Bc5 23. g3 Rd8 24. Rd1 Qa4
25. Kf1 {Weiss erhaelt starke Initiative} 25... Qe4 $16 (25... e6 $5 26. d6
26... Qc6 $16) 26. Qg2 26... Qc4+ $18 (26... Qa4 $5 27. Qe2 27... Bd4 $16) 27.
Qe2 Qa4 28. Rd3 $16 (28. Kg2 28... Bd4 $18) 28... b5 29. h4 29... b4 $18 (29...
Qc4 $5 30. Rd2 Bb4 31. Qxc4 31... bxc4 $18) 30. h5 Kg7 (30... Kg8 31. hxg6 fxg6
32. Qh2 $18) 31. hxg6 {Mit der Mattdrohung Qh5} 31... fxg6 32. Ke1 Rb8 33. Qh2
(33. Rb3 33... Bd4 $18) 33... h5 34. Qg2 $4 $11 {gibt den Vorteil aus der Hand}
(34. Rb3 $142 {und aller Vorteil laege nun bei Weiss} 34... Bd4 35. Kd1 $16)
34... b3 35. axb3 35... Rxb3 {Droht Matt} 36. Rxb3 36... Qxb3 $16 (36... Qa1+
$5 {muss beachtet werden} 37. Ke2 Qa2+ 38. Kf1 Qa1+ 39. Ke2 Qa2+ 40. Kf1 Qa1+
41. Ke2 $11) 37. Qh3 $11 (37. Qe4 $5 $16) 37... Qb1+ 38. Kd2 Qb2+ 39. Kd3 Qd4+
40. Kc2 Qc4+ 41. Kd2 Qd4+ 42. Ke1 $4 {und raufte sich die Haare} (42. Kc1 $11
$142 {war notwendig}) 42... Qe3+ $19 (42... Bb4+ 43. Ke2 Qe4+ 44. Kf1 Qe1+ 45.
Kg2 Qe2+ 46. Kg1 Bc5#) 43. Kd1 Qd3+ 44. Ke1 44... Qe3+ $11 (44... Qf3 $142 {
und Schwarz gewinnt} 45. Rh2 Bb4+ 46. Rd2 Qe3+ 47. Kf1 47... Qxd2 $19) 45. Kd1
45... Qd3+ $11 (45... Bb4 $142 {sichert den Gewinn} 46. Rh2 Qd3+ 47. Kc1 Ba3+
48. Rb2 48... Qe2 $19) 46. Ke1 46... Qe3+ $11 (46... Qf3 $142 {
und Weiss kann direkt aufgeben} 47. Rh2 Bb4+ 48. Rd2 Qe3+ 49. Kf1 49... Qxd2
$19) 47. Kd1 47... Qd3+ $11 (47... Bb4 $142 {und nichts geht mehr} 48. Rh2 Qd3+
49. Kc1 Ba3+ 50. Rb2 50... Qe2 $19) 48. Ke1 1/2-1/2